| 000 | 01601nam a2200433 c 4500 | ||
|---|---|---|---|
| 999 |
_c25090 _d25090 |
||
| 003 | BLK | ||
| 005 | 20230515141300.0 | ||
| 008 | 180413b bul|||||r ||||||| ||bul|| | ||
| 010 | _aKNG00027622000 | ||
| 020 | _a954-8210-42-8 | ||
| 040 | _aBLK | ||
| 041 |
_aBUL _cBUL |
||
| 072 | 7 |
_2bullib _aЯ _xАвтографи |
|
| 072 | 7 |
_2bullib _aК _xКраезнание |
|
| 080 |
_aПолитически партии и движения _b329 _x(497.2)БЗНС(092)(093.3) _z329(497.2)БЗНС(092)(093.3) |
||
| 080 |
_b929 Хорозов, Крум Кънчев _z929 Хорозов, Крум Кънчев |
||
| 100 | 1 |
_aХорозов, Крум Кънчев _d1925-2017 _9366025 |
|
| 139 |
_aХорозов, Крум Кънчев _bХ 69 |
||
| 245 | 1 | 0 |
_aОзарението _bСпомени _cКрум Кънчев Хорозов; предг. от Стефан Чакъров. |
| 257 | _aBGR | ||
| 260 |
_bScorpion _c1999 _fСофия : Към |
||
| 300 |
_a160 с. _bс ил. _c21 см |
||
| 380 | _a3 | ||
| 500 | _aОфс. изд. - 600 тир. | ||
| 600 | 1 | 4 |
_aХорозов, Крум Кънчев _d1925-2017 _9366025 |
| 650 | 4 |
_aБЗНС - дейци - спомени _9247517 |
|
| 651 | 4 |
_aБългария _9241624 |
|
| 653 | _aБЗНС | ||
| 653 | _aКрум Хорозов | ||
| 653 | _aбиографии | ||
| 659 | _aК | ||
| 659 | _aЯ | ||
| 700 | 1 |
_aЧакъров, Стефан _eпредг. от _9268023 |
|
| 852 | _aЦб 200677 | ||
| 852 | _aК 329(497.2)/Х 69 К | ||
| 856 | 4 |
_qpdf _u |
|
| 856 | 4 |
_qpdf _u |
|
| 942 |
_cKNG _n0 _s1 |
||
| 944 |
_aCR _c15.01.2003 _kВаля_Йорданова |
||
| 944 |
_aED _c27.05.2014 |
||
| 999 | _d25090 | ||